Statistics for US Capitals with Short Names

Click here to take the quiz!

General Stats

  • This quiz has been taken 117 times
    (108 since last reset)
  • The average score is 9 of 11

Answer Stats

#Capital% Correct
6Austin
93%
5Boise
91%
5Salem
87%
6Albany
87%
6Pierre
84%
6Denver
83%
5Dover
82%
6Helena
82%
6Boston
80%
6Juneau
80%
6Topeka
78%

Score Distribution

Percentile by Number Answered

Percent of People with Each Score

Your Score History

You have not taken this quiz since the last reset